[Event "Olimpiadi 2008 - open"]
[Site "Dresda GER"]
[Date "2008.11.23"]
[Round "10"]
[White "Shirov, A."]
[Black "Topalov, V."]
[Result "1-0"]
[WhiteElo "2726"]
[BlackElo "2791"]
[PlyCount "73"]
[EventDate "2008.11.13"]
[Source "www.chesslib.no"]
[SourceDate "2004.05.04"]

1. e4 c6 2. d4 d5 3. e5 Bf5 4. Nc3 e6 5. g4 Bg6 6. Nge2 c5 7. h4 h5 8. Nf4 Bh7 9. Nxh5 Nc6 10. dxc5 Bxc5 11. Bg2 Kf8 12. Bf4 Rc8 13. Bg3 Nge7 14. Nf4 Bd4 15. Qe2 Qb6 16. Nd3 Bxd3 17. cxd3 Bxe5 18. Bxe5 Nxe5 19. Qxe5 Qxb2 20. Rb1 Qxc3+ 21. Qxc3 Rxc3 22. Rxb7 g6 23. Kd2 Ra3 24. Rc1 Rxa2+ 25. Ke3 d4+ 26. Kf4 Rh7 27. Rcc7 Nd5+ 28. Bxd5 exd5 29. f3 a5 30. h5 gxh5 31. g5 Rg2 32. Kf5 Re2 33. Rc8+ Re8 34. Rxe8+ Kxe8 35. Kf6 h4 36. g6 Rh6 37. Rxf7 1-0

[Event "Groningen"]
[Site "Groningen"]
[Date "1995.??.??"]
[Round "6"]
[White "Kamsky, Gata"]
[Black "Karpov, Anatoly"]
[Result "1/2-1/2"]
[WhiteElo "2735"]
[BlackElo "2775"]
[PlyCount "203"]
[EventDate "1995.12.??"]
[Source "ChessBase"]

1. e4 c6 2. d4 d5 3. e5 Bf5 4. Nf3 e6 5. Be2 Ne7 6. O-O Bg6 7. Nbd2 c5 8. c4 cxd4 9. Nxd4 Nec6 10. N2f3 dxc4 11. Bxc4 Be7 12. Be3 O-O 13. Rc1 a6 14. a3 Qe8 15. Ba2 Kh8 16. Re1 Nxd4 17. Qxd4 Nc6 18. Qg4 Rc8 19. h4 h6 20. Bb6 Nb8 21. Bc7 Qd7 22. Ba5 Rxc1 23. Rxc1 Rc8 24. Bc3 Nc6 25. Bb3 Bc5 26. Rd1 Qe7 27. h5 Bh7 28. Qf4 Qc7 29. Rd2 Kg8 30. Kh2 Rd8 31. Bc2 Bxc2 32. Rxc2 Qb6 33. Qh4 Rd5 34. b4 Be7 35. Qe4 Bd8 36. a4 Qc7 37. g3 Qd7 38. Kg2 Bc7 39. Re2 Ne7 40. Qc4 Bb6 41. a5 Bc7 42. g4 Nc6 43. Re4 Bd8 44. Ne1 Be7 45. Nc2 Nxa5 46. bxa5 Rc5 47. Qd4 Qxd4 48. Rxd4 Rxc3 49. Ne3 Kf8 50. Kf3 Ke8 51. Ke4 Rb3 52. Nc4 Bc5 53. Rd2 Rb4 54. Kd3 Rb3+ 55. Ke4 Rb4 56. Kd3 Kd7 57. Kc3+ Ke7 58. f3 Rb1 59. Kc2 Rb4 60. Kc3 Rb5 61. Ra2 f6 62. exf6+ gxf6 63. f4 Bb4+ 64. Kd3 Rd5+ 65. Ke4 Bc3 66. Ke3 Bd4+ 67. Kf3 Rb5 68. Ke4 Ba7 69. Ra3 f5+ 70. gxf5 exf5+ 71. Kf3 Ke6 72. Rd3 Bc5 73. Rd8 Rb3+ 74. Kg2 Rb4 75. Ne5 Rxf4 76. Nd3 Rg4+ 77. Kf3 Be7 78. Rb8 Rd4 79. Ke3 Re4+ 80. Kf3 Rh4 81. Rxb7 Rh3+ 82. Ke2 Bg5 83. Nc5+ Ke5 84. Nxa6 Rxh5 85. Rb5+ Kf4 86. Rb4+ Kg3 87. Rb3+ Kg4 88. Nc5 Rh2+ 89. Kf1 Ra2 90. Rb4+ Kf3 91. Ra4 Rc2 92. Nd3 Bd2 93. Ne1+ Bxe1 94. Kxe1 Rc1+ 95. Kd2 Rc7 96. a6 Ra7 97. Ke1 f4 98. Kf1 Kg3 99. Ra3+ f3 100. Ra5 Rc7 101. Ra1 Ra7 102. Ra5 1/2-1/2

[Event "Cup G.Kasparov"]
[Site "Porto"]
[Date "1996.??.??"]
[Round "5"]
[White "Karpov, Anatoly"]
[Black "Kamsky, Gata"]
[Result "1-0"]
[WhiteElo "2770"]
[BlackElo "2735"]
[PlyCount "71"]
[EventDate "1996.??.??"]
[Source "www.chesslib.no"]
[SourceDate "2004.05.04"]

1. e4 c6 2. d4 d5 3. e5 Bf5 4. Nf3 e6 5. Be2 c5 6. Be3 Qb6 7. Nc3 Qxb2 8. Nb5 Na6 9. dxc5 Qxc2 10. Qxc2 Bxc2 11. Nfd4 Bg6 12. c6 bxc6 13. Nxc6 Kd7 14. Nbd4 Nc7 15. Nb5 a6 16. Nxc7 Kxc7 17. Rc1 Ba3 18. Rc3 Bb2 19. Rb3 Kxc6 20. Rxb2 Ne7 21. O-O Rhb8 22. Rc1+ Kd7 23. Rxb8 Rxb8 24. Bxa6 Nc6 25. a4 Nxe5 26. Bb5+ Kd8 27. f4 Nd7 28. Rc6 Rb7 29. Bd4 Rc7 30. Ra6 Be4 31. Ra8+ Ke7 32. a5 Rc1+ 33. Kf2 Rc2+ 34. Ke1 Nc5 35. Re8+ Kd6 36. Be5# 1-0

[Event "Linares 75/109"]
[Site "?"]
[Date "1999.??.??"]
[Round "?"]
[White "Ivanchuk, Vassily"]
[Black "Anand, Viswanathan"]
[Result "1/2-1/2"]
[WhiteElo "2714"]
[BlackElo "2781"]
[PlyCount "51"]
[EventDate "1999.??.??"]
[Source "ChessBase"]
[SourceDate "1999.02.01"]

1. e4 c6 2. d4 d5 3. e5 Bf5 4. Nf3 e6 5. Be2 c5 6. c3 Nc6 7. O-O cxd4 8. Nxd4 Nge7 9. Nxf5 Nxf5 10. Bd3 Be7 11. Re1 d4 12. a3 dxc3 13. Nxc3 O-O 14. Qf3 Nh4 15. Qe4 Ng6 16. f4 Qb6+ 17. Kf1 Rfd8 18. g3 Na5 19. Rb1 Rac8 20. Be3 Qb3 21. Bxa7 Bxa3 22. Re2 Bc5 23. Bxc5 Rxc5 24. Bc2 Qc4 25. Ra1 Nc6 26. Ra4 1/2-1/2

[Event "ETCC"]
[Site "Crete GRE"]
[Date "2007.11.05"]
[Round "8"]
[White "Shirov, A."]
[Black "Morozevich, A."]
[Result "1-0"]
[WhiteElo "2739"]
[BlackElo "2755"]
[PlyCount "105"]
[EventDate "2007.10.28"]
[Source "www.chesslib.no"]
[SourceDate "2004.05.04"]

1. e4 c6 2. d4 d5 3. e5 Bf5 4. Nc3 a6 5. Nce2 e6 6. Ng3 Bg6 7. h4 h5 8. Nh3 c5 9. Nf4 Ne7 10. c3 cxd4 11. cxd4 Nbc6 12. Be2 Qb6 13. Be3 Bf5 14. Nfxh5 Qxb2 15. O-O Qa3 16. Bg4 Bxg4 17. Qxg4 O-O-O 18. Qf3 g6 19. Qxf7 gxh5 20. Qxe6+ Kb8 21. Rab1 Qd3 22. Rfc1 Ka8 23. Bg5 Rb8 24. Rd1 Qg6 25. Qxg6 Nxg6 26. f4 Bh6 27. f5 Nf8 28. Ne2 Bxg5 29. hxg5 Rg8 30. g6 Nxg6 31. fxg6 Rxg6 32. Nf4 Rg4 33. Nxd5 Nxd4 34. Nf6 Rf4 35. g3 Nf3+ 36. Kg2 Rf5 37. Rf1 Rc8 38. Rb2 Nd4 39. Rf4 Rxf4 40. gxf4 h4 41. Kh3 Ne6 42. f5 Nd4 43. Rf2 Rc3+ 44. Kg4 h3 45. e6 Re3 46. Nd5 h2 47. Rxh2 Re4+ 48. Nf4 Kb8 49. Rd2 Kc7 50. Rxd4 Rxd4 51. f6 Kd6 52. f7 Ke7 53. Kf5 1-0

[Event "Amber Blindfold"]
[Site "Monte Carlo MNC"]
[Date "2005.03.21"]
[Round "3"]
[White "Morozevich, Alexander"]
[Black "Svidler, Peter"]
[Result "1/2-1/2"]
[WhiteElo "2741"]
[BlackElo "2735"]
[PlyCount "88"]
[EventDate "2005.03.19"]
[Source "www.chesslib.no"]
[SourceDate "2004.05.04"]

1. e4 c6 2. d4 d5 3. e5 Bf5 4. f4 e6 5. Nf3 h5 6. Be3 Qb6 7. Qc1 Nh6 8. c4 Nd7 9. Nbd2 c5 10. Nb3 Rc8 11. Qd2 Be7 12. Rc1 O-O 13. dxc5 Nxc5 14. Nxc5 Bxc5 15. Bxc5 Qxc5 16. b4 Qc7 17. c5 f6 18. exf6 Rxf6 19. Bb5 a6 20. Ba4 b5 21. Bd1 Be4 22. Ng5 Bxg2 23. Rg1 Be4 24. Bxh5 Rcf8 25. Rc3 Rxf4 26. Nxe6 Qe5 27. Nxf4 Rxf4 28. Be2 d4 29. Rcg3 Nf5 30. Rg4 Rxg4 31. Rxg4 d3 32. Qf4 Qc3+ 33. Qd2 Qa1+ 34. Bd1 Bf3 35. Rg3 Nxg3 36. hxg3 Qe5+ 37. Kf2 Bxd1 38. Qxd1 Qd4+ 39. Kf3 Qxb4 40. Qb3+ Qxb3 41. axb3 Kf7 42. b4 Ke6 43. Ke3 Kd5 44. Kxd3 a5 1/2-1/2

[Event "Dos Hermanas"]
[Site "?"]
[Date "1995.??.??"]
[Round "?"]
[White "Kamsky, G."]
[Black "Karpov, An"]
[Result "1-0"]
[WhiteElo "2710"]
[BlackElo "2765"]
[PlyCount "75"]
[EventDate "1995.??.??"]
[Source "ChessBase"]
[SourceDate "1995.02.01"]

1. e4 c6 2. d4 d5 3. e5 Bf5 4. Nf3 e6 5. Be2 c5 6. Be3 Nd7 7. c4 dxc4 8. O-O a6 9. Bxc4 Ne7 10. Nc3 b5 11. Bd3 c4 12. Bc2 Rc8 13. Re1 b4 14. Ne4 Nd5 15. Bg5 Qa5 16. Nh4 Bxe4 17. Bxe4 g6 18. Qg4 Bg7 19. f4 Qb6 20. Kh1 Qc6 21. f5 N7b6 22. Bf6 Bxf6 23. exf6 Kd8 24. fxg6 hxg6 25. Bxg6 Rc7 26. Be4 Kc8 27. Nf3 Nxf6 28. Qg7 Nxe4 29. Qxh8+ Kb7 30. Qh4 Nd6 31. Rac1 a5 32. Qg5 Nd5 33. h4 Rc8 34. h5 Rh8 35. Kg1 Rh7 36. h6 Qc7 37. Nd2 Qb6 38. Qg4 1-0

[Event "Wijk aan Zee 86/86"]
[Site "?"]
[Date "2003.??.??"]
[Round "?"]
[White "Shirov, A."]
[Black "Topalov, V."]
[Result "1/2-1/2"]
[WhiteElo "2723"]
[BlackElo "2743"]
[PlyCount "72"]
[EventDate "2003.??.??"]
[Source "Chess Informant"]
[SourceDate "2002.10.01"]

1. e4 c6 2. d4 d5 3. e5 Bf5 4. Nc3 e6 5. g4 Bg6 6. Nge2 c5 7. Be3 Nc6 8. dxc5 h5 9. Nf4 d4 10. Nxg6 fxg6 11. Qd3 Kf7 12. O-O-O dxc3 13. Qxc3 Qc7 14. Bc4 Qxe5 15. Bd4 Qf4+ 16. Kb1 Re8 17. g5 Qxg5 18. Rhg1 Qh4 19. Rge1 Nf6 20. Qb3 Nd8 21. Be5 Kg8 22. Bg3 Qg5 23. Re5 Qh6 24. h4 Kh7 25. Rg5 e5 26. Bd3 Ne6 27. Rxg6 Qxg6 28. Bxg6+ Kxg6 29. Bxe5 Nxc5 30. Qg3+ Kf7 31. b4 Nce4 32. Qb3+ Kg6 33. Bxf6 Nxf6 34. Rg1+ Kh7 35. Qd3+ Kg8 36. Qc4+ Kh7 1/2-1/2

[Event "Madrid Magistral 7th"]
[Site "Madrid"]
[Date "1998.05.22"]
[Round "9"]
[White "Svidler, Peter"]
[Black "Anand, Viswanathan"]
[Result "1/2-1/2"]
[WhiteElo "2690"]
[BlackElo "2770"]
[PlyCount "46"]
[EventDate "1998.05.11"]
[Source "ChessBase"]
[SourceDate "1998.08.06"]

1. e4 c6 2. d4 d5 3. e5 Bf5 4. Nf3 e6 5. Be2 c5 6. Be3 cxd4 7. Nxd4 Ne7 8. c4 Nbc6 9. Qa4 dxc4 10. Na3 Qa5+ 11. Qxa5 Nxa5 12. Nxc4 Nxc4 13. Bxc4 a6 14. f3 Ng6 15. Nxf5 Nxe5 16. Bb3 exf5 17. O-O-O Be7 18. Rd5 Nc6 19. Rxf5 O-O 20. Rd1 Bf6 21. Rd7 b5 22. f4 Na5 23. Bd4 Nxb3+ 1/2-1/2

[Event "Tilburg"]
[Site "?"]
[Date "1996.??.??"]
[Round "?"]
[White "Adams, Mi"]
[Black "Karpov, Anatoly"]
[Result "1/2-1/2"]
[WhiteElo "2685"]
[BlackElo "2775"]
[PlyCount "89"]
[EventDate "1996.??.??"]
[Source "ChessBase"]
[SourceDate "1996.10.01"]

1. e4 c6 2. d4 d5 3. e5 Bf5 4. h4 h5 5. c4 e6 6. Nc3 Ne7 7. Nge2 dxc4 8. Ng3 Bg6 9. Bg5 Qb6 10. Qd2 Qb4 11. a3 Qb3 12. Rc1 Nd5 13. Nce4 b5 14. Be2 Nd7 15. O-O N7b6 16. Nc3 b4 17. axb4 Qxb4 18. f4 f5 19. exf6 gxf6 20. f5 Bxf5 21. Nxf5 exf5 22. Nxd5 Nxd5 23. Rxc4 Qxd2 24. Bxd2 Rb8 25. Bc1 Kd7 26. Bd3 Bh6 27. Bxf5+ Kd6 28. Re1 Nc7 29. Rc2 Bxc1 30. Rexc1 Rb6 31. Be4 Nd5 32. Rf2 Rf8 33. Bf3 Rb4 34. Rd1 f5 35. Bxh5 Rh8 36. Rxf5 Rxb2 37. Re1 a5 38. g3 a4 39. Bf3 Rg8 40. Bxd5 Rxg3+ 41. Kf1 cxd5 42. Rf6+ Kd7 43. Rf7+ Kd8 44. Rf8+ Kd7 45. Rf7+ 1/2-1/2

[Event "Plovdiv"]
[Site "Plovdiv"]
[Date "2003.??.??"]
[Round "?"]
[White "Svidler, P."]
[Black "Shirov, A."]
[Result "1-0"]
[WhiteElo "2723"]
[BlackElo "2737"]
[PlyCount "49"]
[EventDate "2003.??.??"]
[Source "Chess Informant"]
[SourceDate "2003.10.01"]

1. e4 c6 2. d4 d5 3. e5 Bf5 4. Be3 Qb6 5. Qc1 Nh6 6. Nf3 e6 7. Nbd2 c5 8. Nb3 Nd7 9. dxc5 Nxc5 10. Nfd4 Ng4 11. Bb5+ Kd8 12. O-O Nxe3 13. Qxe3 Bg6 14. Rfd1 Kc7 15. c4 dxc4 16. Bxc4 Rc8 17. Nd2 Kb8 18. Bb5 a6 19. Be2 Na4 20. Nc4 Rxc4 21. Bxc4 Nxb2 22. Nxe6 Qxe3 23. Rd8+ Ka7 24. fxe3 fxe6 25. Bxe6 1-0

[Event "Wien"]
[Site "?"]
[Date "1996.??.??"]
[Round "?"]
[White "Shirov, A."]
[Black "Karpov, Anatoly"]
[Result "0-1"]
[WhiteElo "2685"]
[BlackElo "2775"]
[PlyCount "80"]
[EventDate "1996.??.??"]
[Source "ChessBase"]
[SourceDate "1996.06.01"]

1. e4 c6 2. d4 d5 3. e5 Bf5 4. Nf3 e6 5. Be2 Ne7 6. O-O c5 7. c4 Nbc6 8. Nc3 dxc4 9. dxc5 Nd5 10. Nd4 Nxc3 11. bxc3 Bxc5 12. Nxf5 exf5 13. Bxc4 Bxf2+ 14. Kh1 Qxd1 15. Rxd1 Nxe5 16. Bb5+ Nc6 17. Ba3 f6 18. Rab1 Kf7 19. Rd7+ Kg6 20. Rf1 Be3 21. Bd3 Ne5 22. Bxf5+ Kh6 23. Rxb7 Rab8 24. Rc7 g6 25. Bc2 f5 26. Bd6 Rbe8 27. Re1 f4 28. c4 g5 29. h3 Ng6 30. c5 Bf2 31. Rf1 Re2 32. Bxg6 Kxg6 33. Rxa7 Rhe8 34. Re7 R8xe7 35. Bxe7 Rxa2 36. c6 Rc2 37. Rd1 h6 38. Ba3 Be3 39. Rd7 h5 40. Rd1 g4 0-1

[Event "Amber-blind 6th"]
[Site "Monte Carlo"]
[Date "1997.??.??"]
[Round "7"]
[White "Shirov, Alexei"]
[Black "Karpov, Anatoly"]
[Result "0-1"]
[WhiteElo "2690"]
[BlackElo "2760"]
[PlyCount "118"]
[EventDate "1997.04.18"]
[Source "ChessBase"]

1. e4 c6 2. d4 d5 3. e5 Bf5 4. Nf3 e6 5. Be2 Ne7 6. O-O c5 7. dxc5 Nec6 8. Be3 Nd7 9. c4 dxc4 10. Na3 c3 11. Qb3 cxb2 12. Rad1 b1=Q 13. Nxb1 Qc8 14. Qc3 Bxb1 15. Rxb1 Be7 16. Nd4 Nxd4 17. Bxd4 Nxc5 18. Bf3 Rb8 19. Qa5 O-O 20. Qxa7 Ra8 21. Qb6 Ra6 22. Qb5 Qc7 23. Rfc1 Ra5 24. Qxb7 Qxb7 25. Bxb7 Rd8 26. Be3 h6 27. Bf3 Nd3 28. Bb6 Rxe5 29. Rd1 Rd7 30. a4 Bb4 31. Bc6 Rd6 32. Bc7 Rxc6 33. Bxe5 Nxe5 34. Rxb4 Rc2 35. Rbb1 Ng4 36. Rf1 Rc6 37. a5 Ra6 38. Rb5 Nf6 39. Rc1 Nd5 40. Kf1 g5 41. g3 Kg7 42. Ke2 Kf6 43. Kd3 Kf5 44. f3 h5 45. Rc8 h4 46. Kd4 hxg3 47. hxg3 g4 48. f4 Kf6 49. Rg8 Ne7 50. Rxg4 Nc6+ 51. Kc5 Nxa5 52. Rg8 Nc6 53. Rb7 Ne7 54. Rf8 Ra3 55. g4 Ra4 56. g5+ Kg7 57. Re8 Ng6 58. Rxe6 Rxf4 59. Rd6 Nf8 0-1

[Event "Amber-blind 13th"]
[Site "Monaco"]
[Date "2004.03.31"]
[Round "10"]
[White "Morozevich, Alexander"]
[Black "Bareev, Evgeny"]
[Result "1-0"]
[WhiteElo "2732"]
[BlackElo "2714"]
[PlyCount "89"]
[EventDate "2004.03.20"]
[Source "ChessBase"]
[SourceDate "2004.05.04"]

1. e4 c6 2. d4 d5 3. f3 dxe4 4. fxe4 e5 5. Nf3 Be6 6. c3 Nf6 7. Bd3 Nbd7 8. O-O Bd6 9. Kh1 O-O 10. Bg5 Qc7 11. Nbd2 Rae8 12. Qe1 h6 13. Be3 Ng4 14. Bg1 f5 15. exf5 Bxf5 16. Bxf5 Rxf5 17. Qe2 Ngf6 18. Rae1 exd4 19. Qc4+ Rd5 20. Rxe8+ Nxe8 21. Nxd4 Ndf6 22. Nf5 b5 23. Qe2 Qd7 24. Nxd6 Nxd6 25. Nf3 Nde4 26. Bd4 a6 27. Kg1 c5 28. Bxf6 Nxf6 29. Re1 Rd6 30. b3 Qf5 31. c4 Qd3 32. Qf2 bxc4 33. Ne5 Qd2 34. Nxc4 Qxf2+ 35. Kxf2 Rd4 36. Re6 Ne4+ 37. Ke3 Nc3 38. Rxa6 Rd1 39. Ra5 Ra1 40. a4 Ra2 41. Rxc5 Rxg2 42. a5 Rxh2 43. a6 Rh3+ 44. Kd4 Ne2+ 45. Ke5 1-0

[Event "Montecatini Terme"]
[Site "?"]
[Date "2000.??.??"]
[Round "?"]
[White "Shirov, A."]
[Black "Bareev, E."]
[Result "1-0"]
[WhiteElo "2745"]
[BlackElo "2700"]
[PlyCount "103"]
[EventDate "2000.??.??"]
[Source "Chess Informant"]
[SourceDate "2000.06.01"]

1. e4 c6 2. d4 d5 3. e5 Bf5 4. Nc3 e6 5. g4 Bg6 6. Nge2 Ne7 7. Nf4 c5 8. dxc5 Nec6 9. h4 Qc7 10. Bg2 Qxe5+ 11. Nce2 Na6 12. h5 Be4 13. f3 O-O-O 14. Bd2 Bxc5 15. Qc1 g5 16. Nh3 Nd4 17. fxe4 Nxe2 18. Kxe2 dxe4 19. Bxg5 Qg3 20. Kf1 Qxg4 21. Bxd8 Rxd8 22. Qe1 Qf5+ 23. Nf2 e3 24. Rh3 exf2 25. Qe2 Nc7 26. Rf3 Qg5 27. Rxf7 Nd5 28. Qxe6+ Kb8 29. Bxd5 Rxd5 30. Qe8+ Rd8 31. Qe4 Qg1+ 32. Ke2 f1=Q+ 33. Raxf1 Qh2+ 34. R1f2 Qxh5+ 35. R2f3 Qh2+ 36. Rf2 Qh5+ 37. Qf3 Qe5+ 38. Kf1 Qxb2 39. Re2 Qb1+ 40. Kg2 a6 41. Kh3 Ka7 42. Re5 Bd6 43. Rg5 Rb8 44. Rd5 Bf8 45. a4 Qxc2 46. Rd8 Qc1 47. Rdxf8 Qh6+ 48. Kg3 Qg5+ 49. Qg4 Qe3+ 50. Kg2 Qd2+ 51. Rf2 Qd5+ 52. Kg1 1-0

[Event "Camp. russo a squadre 2007"]
[Site "Sochi RUS"]
[Date "2007.05.03"]
[Round "2"]
[White "Rublevsky, S."]
[Black "Morozevich, A."]
[Result "0-1"]
[WhiteElo "2680"]
[BlackElo "2762"]
[PlyCount "72"]
[EventDate "2007.05.02"]
[Source "www.chesslib.no"]
[SourceDate "2004.05.04"]

1. e4 c6 2. d4 d5 3. e5 Bf5 4. Nd2 e6 5. Nb3 Nd7 6. Nf3 Qc7 7. Bd3 Bg4 8. h3 Bxf3 9. Qxf3 c5 10. dxc5 Bxc5 11. Nxc5 Nxc5 12. Bb5+ Nd7 13. O-O Ne7 14. Bg5 Nf5 15. c4 h6 16. cxd5 Nd4 17. Qd3 Nxb5 18. dxe6 hxg5 19. exf7+ Kf8 20. e6 Nc5 21. Qxb5 Nxe6 22. Rfd1 a6 23. Qa4 Rh4 24. Qa3+ Kxf7 25. Rac1 Qe7 26. Qb3 Rb4 27. Qf3+ Kg8 28. Re1 Qf7 29. Qd5 Re8 30. Rc3 Rb5 31. Qd6 Nf4 32. Rce3 Rxe3 33. fxe3 Nh5 34. Rf1 Nf6 35. e4 Qe8 36. Qc7 Qxe4 0-1

[Event "XXIV ECC"]
[Site "Kallithea GRE"]
[Date "2008.10.20"]
[Round "4"]
[White "Alekseev, Evgeny"]
[Black "Ponomariov, R."]
[Result "1/2-1/2"]
[WhiteElo "2715"]
[BlackElo "2719"]
[PlyCount "33"]
[EventDate "2008.10.17"]
[Source "www.chesslib.no"]
[SourceDate "2004.05.04"]

1. e4 c6 2. d4 d5 3. e5 Bf5 4. Nf3 e6 5. Be2 Ne7 6. O-O c5 7. c4 Nbc6 8. Nc3 dxc4 9. dxc5 Nd5 10. Na4 Ndb4 11. Qxd8+ Rxd8 12. Bxc4 Nc2 13. Bg5 Nxa1 14. Bxd8 Kxd8 15. Rxa1 Kc7 16. a3 Bg4 17. Be2 1/2-1/2

[Event "Fujitsu Siemens Masters"]
[Site "Frankfurt"]
[Date "2000.06.24"]
[Round "11"]
[White "Ivanchuk, Vassily"]
[Black "Bareev, Evgeny"]
[Result "1/2-1/2"]
[WhiteElo "2709"]
[BlackElo "2709"]
[PlyCount "47"]
[EventDate "2000.06.22"]
[Source "ChessBase"]
[SourceDate "2000.07.11"]

1. e4 c6 2. d4 d5 3. e5 Bf5 4. c3 e6 5. Be3 Ne7 6. Nd2 Nd7 7. f4 Bg6 8. Ngf3 c5 9. a3 cxd4 10. Nxd4 Nc6 11. N2b3 Be7 12. Be2 O-O 13. O-O Nb6 14. Rf2 Nc4 15. Bxc4 dxc4 16. Nxc6 bxc6 17. Nd4 Qd5 18. f5 exf5 19. Nxf5 Qe6 20. Nxe7+ Qxe7 21. Qd4 Rfd8 22. Qxc4 Qxe5 23. Bd4 Qb5 24. Qxb5 1/2-1/2

[Event "Keres mem rap"]
[Site "Tallinn"]
[Date "2004.01.03"]
[Round "2"]
[White "Shirov, Alexei"]
[Black "Dreev, Alexey"]
[Result "1-0"]
[WhiteElo "2736"]
[BlackElo "2682"]
[PlyCount "81"]
[EventDate "2004.01.03"]
[Source "ChessBase"]
[SourceDate "2004.06.01"]

1. e4 c6 2. d4 d5 3. e5 Bf5 4. Be3 e6 5. Nd2 Bg6 6. h4 f6 7. h5 Bf7 8. Ngf3 Nd7 9. Bd3 Nh6 10. Qe2 Ng4 11. Bf4 fxe5 12. dxe5 Nc5 13. Ng5 Nxd3+ 14. cxd3 Nh6 15. Nxf7 Nxf7 16. Qg4 Qd7 17. Nf3 O-O-O 18. Be3 Kb8 19. Rc1 Rc8 20. O-O c5 21. Rc2 Nh6 22. Bxh6 gxh6 23. Rfc1 Qf7 24. b4 Rg8 25. Qh3 Qf4 26. Qxe6 Be7 27. Qxd5 Rcf8 28. Nh2 Rg5 29. bxc5 Rxe5 30. Qf3 Qd4 31. Qg3 Bh4 32. Nf3 Bxg3 33. Nxd4 Bf4 34. Rb1 Rxh5 35. c6 b6 36. c7+ Kc8 37. g3 Rg8 38. Nb5 Rc5 39. Rxc5 bxc5 40. Nxa7+ Kxc7 41. Kf1 1-0

[Event "RUS"]
[Site "?"]
[Date "2006.04.26"]
[Round "7"]
[White "Rublevsky Sergei"]
[Black "Morozevich Alexander"]
[Result "1/2-1/2"]
[WhiteElo "2687"]
[BlackElo "2730"]
[PlyCount "153"]
[EventDate "2006.??.??"]
[Source "www.chesslib.no"]
[SourceDate "2004.05.04"]

1. e4 c6 2. d4 d5 3. e5 Bf5 4. Nd2 e6 5. Nb3 Nd7 6. Nf3 Bg6 7. Be2 Nh6 8. O-O Nf5 9. Bd2 h5 10. Rc1 Rc8 11. c4 dxc4 12. Bxc4 Be7 13. Ba5 Nb6 14. Nc5 Bxc5 15. dxc5 Qxd1 16. Rfxd1 Nd7 17. Bf1 Ne7 18. Re1 Nd5 19. Nd2 O-O 20. Nc4 Ra8 21. Nd6 b6 22. Bd2 bxc5 23. Ba6 Rfb8 24. b3 Rb6 25. Bf1 a5 26. Nc4 Rb7 27. Nxa5 Rba7 28. b4 cxb4 29. Nxc6 Rxa2 30. Bxb4 Nxb4 31. Nxb4 Rd2 32. Nc6 Kh7 33. Rcd1 Raa2 34. Nb4 Rab2 35. Nd3 Bxd3 36. Bxd3+ Kh6 37. Rxd2 Rxd2 38. Bb5 g5 39. Bxd7 Rxd7 40. g3 Kg6 41. Kg2 Rd3 42. Re4 Kf5 43. Ra4 Kxe5 44. h4 g4 45. Ra7 Kf6 46. Ra8 Kg7 47. Re8 Rd5 48. Re7 e5 49. Kf1 Rb5 50. Kg2 Kg6 51. Re8 f6 52. Rh8 Kg7 53. Ra8 e4 54. Kf1 Re5 55. Ke2 e3 56. Rd8 exf2+ 57. Kxf2 Rf5+ 58. Kg2 Ra5 59. Rb8 Kg6 60. Rh8 Kg7 61. Rb8 Ra2+ 62. Kg1 Rd2 63. Rb5 Kg6 64. Kf1 f5 65. Rb6+ Kg7 66. Kg1 Rd4 67. Rb5 Kf6 68. Kg2 Ke6 69. Rb2 f4 70. gxf4 Kf5 71. Rb8 Rd2+ 72. Kg3 Rd3+ 73. Kg2 Rh3 74. Rb5+ Kxf4 75. Rxh5 Ra3 76. Rb5 Ra2+ 77. Kf1 1/2-1/2

[Event "Frankfurt-West Masters"]
[Site "Frankfurt"]
[Date "1999.07.01"]
[Round "9"]
[White "Morozevich, Alexander"]
[Black "Leko, Peter"]
[Result "1/2-1/2"]
[WhiteElo "2720"]
[BlackElo "2690"]
[PlyCount "101"]
[EventDate "1999.06.29"]
[Source "ChessBase"]
[SourceDate "1999.10.01"]

1. e4 c6 2. d4 d5 3. e5 Bf5 4. Ne2 e6 5. Nf4 h6 6. Bd3 Ne7 7. O-O Nd7 8. Na3 Bxd3 9. Qxd3 Nf5 10. c3 Bxa3 11. bxa3 h5 12. Rb1 Nb6 13. Qd1 h4 14. a4 Qc7 15. Nd3 Nc4 16. Bg5 b6 17. Qf3 Kd7 18. g4 hxg3 19. fxg3 Raf8 20. Rf2 f6 21. exf6 gxf6 22. Bf4 Qc8 23. Re1 Nfd6 24. Bxd6 Nxd6 25. Nf4 Ne4 26. Rxe4 dxe4 27. Qxe4 Re8 28. Ng6 f5 29. Ne5+ Ke7 30. Qf3 Reg8 31. Nxc6+ Kf6 32. d5 e5 33. c4 Qd7 34. Qe4 Re8 35. g4 Qh7 36. Rxf5+ Kg7 37. h3 Qh6 38. d6 Re6 39. Nxe5 Rf8 40. Qb7+ Kg8 41. Rxf8+ Qxf8 42. Qd5 Qxd6 43. Qa8+ Kg7 44. Nf3 Qg3+ 45. Kf1 Rf6 46. Ke2 Qxh3 47. Qb7+ Kg8 48. Qc8+ Rf8 49. Qe6+ Kg7 50. Qe7+ Kg8 51. Qe6+ 1/2-1/2

[Event "FIDE GP"]
[Site "Moscow"]
[Date "2002.06.05"]
[Round "5.4"]
[White "Smirin, Ilia"]
[Black "Bareev, Evgeny"]
[Result "1/2-1/2"]
[WhiteElo "2685"]
[BlackElo "2724"]
[PlyCount "97"]
[EventDate "2002.06.01"]
[Source "ChessBase"]
[SourceDate "2002.09.20"]

1. e4 c6 2. d4 d5 3. e5 Bf5 4. Nf3 e6 5. Be2 c5 6. Be3 cxd4 7. Nxd4 Ne7 8. Nc3 Bg6 9. h4 h6 10. h5 Bh7 11. Bd3 Bxd3 12. cxd3 Nec6 13. Nxc6 Nxc6 14. d4 Bb4 15. Qg4 Kf8 16. Rc1 Rc8 17. O-O Kg8 18. Na4 Kh7 19. a3 Be7 20. b4 Qd7 21. Qd1 Rhf8 22. f4 b6 23. Nc3 f6 24. Qd3+ Kh8 25. Ne2 f5 26. g4 Qe8 27. Ng3 Bh4 28. Kg2 Bxg3 29. Kxg3 fxg4 30. Qg6 Qxg6 31. hxg6 Ne7 32. Kxg4 Nxg6 33. Rxc8 Rxc8 34. f5 exf5+ 35. Rxf5 Re8 36. Rf1 Kg8 37. Rc1 Kf7 38. Rc7+ Re7 39. Rc8 Rd7 40. Rc6 Nf8 41. Kf5 g6+ 42. Rxg6 Nxg6 43. e6+ Ke7 44. exd7 Nh4+ 45. Ke5 Kxd7 46. Bxh6 Kc6 47. b5+ Kxb5 48. Kxd5 Nf5 49. Bf8 1/2-1/2

[Event "XXIV ECC"]
[Site "Kallithea GRE"]
[Date "2008.10.21"]
[Round "5"]
[White "Kamsky, G."]
[Black "Postny, E."]
[Result "1/2-1/2"]
[WhiteElo "2729"]
[BlackElo "2674"]
[PlyCount "91"]
[EventDate "2008.10.17"]
[Source "www.chesslib.no"]
[SourceDate "2004.05.04"]

1. e4 c6 2. d4 d5 3. e5 Bf5 4. Nd2 e6 5. Nb3 Nd7 6. Nf3 Ne7 7. Be2 Nc8 8. O-O Be7 9. Bd2 O-O 10. h3 Qc7 11. Bd3 Bxd3 12. cxd3 a5 13. a4 Qb6 14. Rc1 Bb4 15. Bg5 h6 16. Be3 Ne7 17. Nh4 f5 18. g3 Rfc8 19. Ng2 Nf8 20. h4 Qd8 21. h5 b5 22. Nc5 Bxc5 23. Rxc5 b4 24. Nf4 Qe8 25. Rc1 Qf7 26. Kg2 Nd7 27. Qe2 Nb6 28. b3 Kf8 29. Rg1 Ke8 30. Kf1 Nd7 31. Ke1 Kd8 32. Kd2 Nf8 33. f3 Kc7 34. g4 Nh7 35. Ng6 Re8 36. Kc2 fxg4 37. Rxg4 Nf5 38. Kb1 Nf8 39. Nf4 Nd7 40. Qc2 Ra6 41. Bf2 Kb7 42. Ng6 Rg8 43. Rcg1 Raa8 44. Qc1 Rac8 45. Rf4 Rc7 46. Rfg4 1/2-1/2

[Event "RUS-The World"]
[Site "Moscow"]
[Date "2002.09.10"]
[Round "6"]
[White "Smirin, Ilia"]
[Black "Bareev, Evgeny"]
[Result "0-1"]
[WhiteElo "2676"]
[BlackElo "2726"]
[PlyCount "124"]
[EventDate "2002.09.08"]
[Source "ChessBase"]
[SourceDate "2002.11.12"]

1. e4 c6 2. d4 d5 3. e5 Bf5 4. Be3 Qb6 5. Qc1 Nh6 6. h3 e6 7. Nf3 Bg6 8. c3 Nf5 9. Bf4 c5 10. g4 Ne7 11. dxc5 Qxc5 12. Nbd2 h5 13. gxh5 Bxh5 14. Nd4 a6 15. N2b3 Qc7 16. Qe3 Nd7 17. Bd3 g5 18. Bxg5 Qxe5 19. Qxe5 Nxe5 20. Be2 Bxe2 21. Kxe2 Nc4 22. Rab1 Rc8 23. h4 e5 24. Nf3 Rc6 25. Nbd2 Nxd2 26. Bxd2 Nf5 27. h5 Bh6 28. Rbg1 Bxd2 29. Kxd2 f6 30. Nh4 Nd6 31. Nf3 Kf7 32. Rg6 Nf5 33. Rg4 Rc4 34. Rxc4 dxc4 35. Ke2 Ng7 36. Nd2 b5 37. h6 Nf5 38. h7 Nd6 39. Kf3 Kg6 40. Rg1+ Kf7 41. Rh1 Kg7 42. Rg1+ Kxh7 43. Ne4 Nxe4 44. Kxe4 Rg8 45. Rh1+ Kg6 46. Rd1 Ra8 47. Rd6 Kg5 48. Rb6 Ra7 49. Re6 Rd7 50. Ke3 a5 51. Rb6 Rd5 52. f3 a4 53. Ke4 Rd2 54. Rxb5 Re2+ 55. Kd5 Kf4 56. Ke6 Kxf3 57. Kxf6 e4 58. Ke5 e3 59. Kd4 Rd2+ 60. Kxc4 e2 61. Rf5+ Ke4 62. Rf8 Rd5 0-1